000 00681cam a2200181 a 4500
020 _a0309032040
022 _a0309032040
082 0 0 _a625.735
_bNAT
110 _aTRB, Transportation Research Board National Academy of Sciences
_943713
245 0 0 _aShales and swelling soils.
260 _aWashington, D.C. :
_bTransportation Research Board, Commission on Sociotechnical systems, National Research Council, National Academy of Sciences,
_c1981.
300 _aiv, 94 p. :
_bill. ;
_c28 cm.
526 _a0
_b0
_c0
_d625_735000000000000_NAT
650 0 _aMCE
_9379
650 0 _aRoads
_xEmbankments.
_921740
710 2 _aNational Research Council (U.S.).
_920017
942 _2ddc
_cBK
999 _c547526
_d547526